Statistics for Channing Tatum Movies

Click here to take the quiz!

General Stats

  • This quiz has been taken 778 times
    (479 since last reset)
  • The average score is 9 of 30

Answer Stats

YearMovie% Correct
2012Magic Mike
86%
201221 Jump Street
81%
201422 Jump Street
78%
2006Step Up
75%
2010Dear John
59%
2012The Vow
51%
2008Step Up 2: The Streets
50%
2013White House Down
45%
2009G.I. Joe: The Rise of Cobra
42%
2006She's The Man
41%
2005Coach Carter
24%
2013G.I. Joe: Retaliation
24%
2014Foxcatcher
23%
2013This Is The End
22%
2013Side Effects
20%
2009Fighting
20%
2011The Eagle
19%
2014The Lego Movie
17%
2011Ten Year
16%
2011The Dilemma
14%
2008Stop-Loss
14%
2011Haywire
13%
2009Public Enemies
13%
2013Don Jon
10%
2011The Son of No One
10%
2007Battle in Seattle
9%
2005Havoc
9%
2005Supercross
8%
2005War of the Worlds
5%
2006A Guide to Recognising Your Saints
3%

Score Distribution

Percentile by Number Answered

Percent of People with Each Score

Your Score History

You have not taken this quiz since the last reset